000 00218nam a2200097Ia 4500
008 200302s9999 xx 000 0 und d
100 _aAuthor
245 _aArchitectural Specifications
260 _bPublisher
300 _a822 P.,
999 _c5
_d5